Terminez les mots incomplets #2 - Statistiques

Statistiques générales
  • Ce quiz a été pris 63 fois
  • Le résultat moyen est 6 sur 15
Statistiques - réponses
Réponse % Correct
u
83%
ang
81%
d
78%
b
69%
nc
59%
anche
41%
ord
39%
ak
35%
ef
22%
velle
22%
ino
20%
oufle
20%
bile
17%
rail
17%
ruit
15%
Aucun quiz correspondant
Distribution des résultats
% des personnes avec chaque résultat
Percentile par nombre de réponses
Votre historique - résultats
Vous n’avez pas pris ce quiz